Contextual and comparative studies II: other genocides /

Salvato in:
Dettagli Bibliografici
Autore principale: Fein, Helen
Natura: testo
Tags: Aggiungi Tag
Nessun Tag, puoi essere il primo ad aggiungerne!!

MARC

LEADER 00000 a a2200000 04500
001 48345
003
040
100 |a Fein, Helen  
245 |a Contextual and comparative studies II:   |b other genocides /  |c Helen Fein  
773 |g volumen38, número 1, (1990), páginas 79-91  
999 |c 20763  |d 20763